logo

Bir Sreshtho Munshi Abdur Rouf Library
Jhenaidah Cadet College

খ্যাতিমানদের চোখে সমসাময়িক বিশ্ব / (Record no. 7101)

MARC details
000 -LEADER
fixed length control field 01044nam a2200253 a 4500
001 - CONTROL NUMBER
JCCL Control Number 7101
003 - CONTROL NUMBER IDENTIFIER
JCCL marc code BD-JhCC
005 - DATE AND TIME OF LATEST TRANSACTION
control field 20180205102353.0
008 - FIXED-LENGTH DATA ELEMENTS--GENERAL INFORMATION
fixed length control field 180205s1994 bg |||| || | 000 0 ben d
035 ## - SYSTEM CONTROL NUMBER
system control number (BD-JhCC)7101
040 ## - CATALOGING SOURCE
Original cataloging agency BD-JhCC
Modifying agency BD-JhCC
041 ## - LANGUAGE CODE
Language code of Book ben
082 ## - DEWEY DECIMAL CLASSIFICATION NUMBER
Classification number 327.09045
Author mark and Year JUN 1994
100 ## - MAIN ENTRY--PERSONAL NAME
Personal name জুনিয়র, আর্থার শ্লোসিঙ্গার
245 ## - TITLE STATEMENT
Title খ্যাতিমানদের চোখে সমসাময়িক বিশ্ব /
Statement of responsibility, etc আর্থার শ্লোসিঙ্গার জুনিয়র, অস্কার অ্যারিয়াস এবং মারিও ভারগাস য়োসা
260 ## - PUBLICATION, DISTRIBUTION, ETC. (IMPRINT)
Place of publication, distribution, etc ঢাকা :
Name of publisher, distributor, etc আগামী প্রকাশনী,
Date of publication, distribution, etc 1994
300 ## - PHYSICAL DESCRIPTION
Pagination 62 p. :
Dimensions 22 cm.
650 ## - SUBJECT ADDED ENTRY--TOPICAL TERM
Topical term or geographic name as entry element Heads of States
650 ## - SUBJECT ADDED ENTRY--TOPICAL TERM
Topical term or geographic name as entry element World Politics
700 ## - ADDED ENTRY--PERSONAL NAME
Personal name অ্যারিয়াস, অস্কার
700 ## - ADDED ENTRY--PERSONAL NAME
Personal name য়োসা, মারিও ভারগাস
942 ## - ADDED ENTRY ELEMENTS (KOHA)
Source of classification or shelving scheme Dewey Decimal Classification
Koha item type Books
Holdings
Source of classification or shelving scheme Damaged status Not for loan Home library Current library Shelving location Date of accession Cost, normal purchase price Total Checkouts Full call number Barcode Date last seen Copy number Koha item type
Dewey Decimal Classification     JCC Rouf Library JCC Rouf Library General Stacks 02/05/2018 40.00   327.09045 JUN 1994 9592 02/05/2018 C-1 Books

JCC Library | Contacts | JCC Home

Last Update on 23 September 2017
Copyright @ 2017-2020 JCC Rouf Library
Rouf Library, Jhenidah Cadet College (JCC), Bangladesh